[Event "Aragon-ch Seniors"]
[Site "Spain"]
[Date "2005.??.??"]
[Round "3"]
[White "Martiniez Gurrea, Juan Jose"]
[Black "Argueso Palomino, Manuel"]
[Result "1-0"]
[WhiteElo "1920"]
[BlackElo "1909"]
[PlyCount "75"]
[EventDate "2005.??.??"]
[EventType "swiss"]
[EventRounds "9"]
[EventCountry "ESP"]
[SourceTitle "EXT 2007"]
[Source "ChessBase"]
[SourceDate "2006.11.23"]
[SourceVersion "1"]
[SourceVersionDate "2006.11.23"]
[SourceQuality "1"]

1. e4 c6 2. d4 d5 3. Nc3 dxe4 4. Nxe4 Nd7 5. Ng5 e6 6. Bd3 Ngf6 7. Qe2 Be7 8. N1f3 0-0 9. 0-0 c5 10. Bf4 cxd4 11. Nxd4 Nc5 12. Rad1 Nxd3 13. Rxd3 Nd5 14. Qh5 Bxg5 15. Bxg5 f6 16. Bd2 Qe8 17. Qxe8 Rxe8 18. Nb5 Re7 19. c4 Nb6 20. Rd8+ Kf7 21. c5 Rd7 22. Nd6+ Kg6 23. Re8 Na4 24. Bb4 Rc7 25. Rc1 b6 26. Nb5 Rc6 27. Nd4 Rc7 28. c6 Nxb2 29. Nb5 Rf7 30. Rc3 a6 31. Nd6 Rc7 32. Rd8 h6 33. Ne8 Rf7 34. Bd6 Na4 35. Rg3+ Kh7 36. Nc7 Rb8 37. Nxe6 Ra8 38. Nf8+ 1-0